[Event "Ct. Tarragona indiv. Absolut"]
[Site "L'Hospitalet de l'Infant"]
[Date "2013.11.24"]
[Round "8"]
[White "Miquel Brull, J."]
[Black "Girona Masdeu, J."]
[Result "0-1"]
[WhiteElo "1602"]
[BlackElo "1817"]
[PlyCount "43"]
[EventDate "2013.??.??"]
[EventType "swiss"]
[EventRounds "9"]

1. Nf3 d5 2. d4 Nf6 3. c4 c6 4. Nc3 a6 5. cxd5 cxd5 6. Bf4 Nc6 7. e3 Bf5 8. Be2
Qb6 9. Qc1 e6 10. a3 Be7 11. O-O O-O 12. h3 h6 13. Rd1 Rac8 14. Bd3 Bxd3 15.
Rxd3 Na5 16. Rb1 Ne4 17. Qd1 Nc4 18. Nxe4 dxe4 19. Rb3 Qc6 20. Ne5 Nxe5 21.
Bxe5 Qd5 22. Rc1 0-1

[Event "Ct. Tarragona indiv. Absolut"]
[Site "L'Hospitalet de l'Infant"]
[Date "2013.11.24"]
[Round "8"]
[White "Negreiro Pozo, B."]
[Black "Fernandez Soriano, R."]
[Result "0-1"]
[WhiteElo "1967"]
[BlackElo "2122"]
[PlyCount "98"]
[EventDate "2013.??.??"]
[EventType "swiss"]
[EventRounds "9"]

1. e4 c6 2. d4 d5 3. e5 g6 4. c4 Be6 5. cxd5 Bxd5 6. Nc3 Bg7 7. Nxd5 Qxd5 8.
Nf3 Nd7 9. Qc2 Nb6 10. b3 e6 11. Bb2 Ne7 12. Bd3 O-O 13. O-O Rfd8 14. Rad1 Qd7
15. a3 Nbd5 16. g3 Rac8 17. Ng5 Qc7 18. Ne4 b6 19. Nd6 Rb8 20. f4 Ne3 21. Qe2
Nxd1 22. Rxd1 Rxd6 23. exd6 Qxd6 24. Be4 Rd8 25. Bf3 Nf5 26. Qa6 Bxd4+ 27. Kh1
Qc7 28. Qd3 c5 29. Bc3 Rd6 30. Be1 Bg7 31. Qe2 Nd4 32. Qe4 Nxf3 33. Rxd6 Qxd6
34. Qxf3 Qd5 35. Kg2 Kf8 36. a4 Ke7 37. Bf2 Kd6 38. g4 f5 39. gxf5 exf5 40. Bh4
Qxf3+ 41. Kxf3 Kd5 42. Bd8 Bc3 43. Bc7 c4 44. bxc4+ Kxc4 45. Bb8 a5 46. Ke2 Bd4
47. Kd2 Kb4 48. Kd3 Bc5 49. Be5 Bf8 0-1

[Event "Ct. Tarragona indiv. Absolut"]
[Site "L'Hospitalet de l'Infant"]
[Date "2013.11.24"]
[Round "8"]
[White "Ordobas Martinez, V."]
[Black "Reig Pinol, A."]
[Result "1-0"]
[WhiteElo "2074"]
[BlackElo "2031"]
[PlyCount "63"]
[EventDate "2013.??.??"]
[EventType "swiss"]
[EventRounds "9"]

1. e4 Nc6 2. Nf3 Nf6 3. e5 Ng4 4. d4 d6 5. h3 Nh6 6. Bb5 a6 7. Ba4 b5 8. Bb3
dxe5 9. d5 e4 10. Ng5 Na5 11. Nxe4 Nxb3 12. axb3 Bb7 13. c4 e6 14. Bg5 Be7 15.
Bxe7 Qxe7 16. O-O exd5 17. cxd5 O-O-O 18. Qc2 Rxd5 19. Nbc3 Re5 20. Ng3 Qc5 21.
b4 Qc6 22. f3 f5 23. Rac1 Rd8 24. f4 Re6 25. Rf2 g6 26. Nf1 Qb6 27. Nd2 Red6
28. Nb3 Qe3 29. Nd5 Qxc1+ 30. Qxc1 Bxd5 31. Nc5 Nf7 32. Qc3 1-0

[Event "Ct. Tarragona indiv. Absolut"]
[Site "L'Hospitalet de l'Infant"]
[Date "2013.11.24"]
[Round "8"]
[White "Plasencia Martinez, V."]
[Black "Regue Farran, E."]
[Result "1-0"]
[WhiteElo "2191"]
[BlackElo "2053"]
[PlyCount "59"]
[EventDate "2013.??.??"]
[EventType "swiss"]
[EventRounds "9"]

1. e4 c5 2. Nf3 d6 3. d4 cxd4 4. Qxd4 Nc6 5. Bb5 Bd7 6. Bxc6 Bxc6 7. Nc3 Nf6 8.
Bg5 Qb6 9. Bxf6 gxf6 10. Qxb6 axb6 11. Nd4 Rg8 12. O-O Bh6 13. Nd5 Bxd5 14.
exd5 Rg5 15. c4 Rc8 16. f4 Rg4 17. Nf5 Bxf4 18. h3 Bh2+ 19. Kxh2 Rgxc4 20. Rae1
Kf8 21. Rxe7 Rc2 22. Rxb7 Rxb2 23. Rxf7+ Kxf7 24. Nxd6+ Kg7 25. Nxc8 Rxa2 26.
Nxb6 Rb2 27. Nd7 Rd2 28. Nxf6 Kg6 29. Rf4 Rd3 30. h4 1-0

[Event "Ct. Tarragona indiv. Absolut"]
[Site "L'Hospitalet de l'Infant"]
[Date "2013.11.24"]
[Round "8"]
[White "Terreu Serra, F."]
[Black "Quinza Garcia, A."]
[Result "0-1"]
[WhiteElo "1940"]
[BlackElo "1770"]
[PlyCount "48"]
[EventDate "2013.??.??"]
[EventType "swiss"]
[EventRounds "9"]

1. d4 Nf6 2. Nf3 g6 3. Nc3 Bg7 4. Bf4 d6 5. Qd2 O-O 6. Bh6 c5 7. Bxg7 Kxg7 8.
O-O-O Nc6 9. dxc5 dxc5 10. Qxd8 Rxd8 11. Rxd8 Nxd8 12. h3 Ne6 13. e3 a6 14. Be2
b5 15. Nd2 Bb7 16. Bf3 Bxf3 17. gxf3 Rd8 18. Nce4 Nxe4 19. Nxe4 f5 20. Nd2 Ng5
21. Rg1 Kf6 22. h4 Nf7 23. Kd1 Ne5 24. Rg3 Nc4 0-1

[Event "Ct. Tarragona indiv. Absolut"]
[Site "L'Hospitalet de l'Infant"]
[Date "2013.12.01"]
[Round "9"]
[White "Benet Morant, D."]
[Black "Guasch Figuerola, A."]
[Result "1-0"]
[WhiteElo "2037"]
[BlackElo "2072"]
[PlyCount "99"]
[EventDate "2013.??.??"]
[EventType "swiss"]
[EventRounds "9"]

1. d4 g6 2. c4 Bg7 3. Nf3 c5 4. d5 e5 5. e4 d6 6. h3 Nd7 7. g4 Ne7 8. Nc3 a6 9.
Be3 O-O 10. Qd2 f6 11. h4 Rf7 12. Be2 Kh8 13. O-O-O b5 14. cxb5 axb5 15. Bxb5
Nb6 16. Rdg1 Ba6 17. Qe2 Bxb5 18. Qxb5 Kg8 19. Nd2 Nec8 20. g5 f5 21. f3 f4 22.
Bf2 Rfa7 23. h5 Na4 24. Ndb1 Ra5 25. Qb3 Ncb6 26. hxg6 hxg6 27. Be1 c4 28. Qc2
Nc5 29. Qh2 Nd3+ 30. Kd1 Qe8 31. Qh7+ Kf8 32. Rh6 Nxb2+ 33. Ke2 Rxa2 34. Nxa2
Rxa2 35. Nc3 Ra7 36. Rxg6 N2a4 37. Rf6+ Bxf6 38. Qxa7 Be7 39. Nxa4 Nxa4 40. Rh1
Kg8 41. Bb4 c3 42. g6 Qb5+ 43. Kf2 Qb6+ 44. Qxb6 Nxb6 45. Bxc3 Nd7 46. Rh7 Kf8
47. Bb4 Nc5 48. Bxc5 dxc5 49. Rxe7 Kxe7 50. d6+ 1-0

[Event "Ct. Tarragona indiv. Absolut"]
[Site "L'Hospitalet de l'Infant"]
[Date "2013.12.01"]
[Round "9"]
[White "Cabrera Royo, R."]
[Black "Celma Querol, C."]
[Result "0-1"]
[WhiteElo "1935"]
[BlackElo "1818"]
[PlyCount "66"]
[EventDate "2013.??.??"]
[EventType "swiss"]
[EventRounds "9"]

1. d4 Nf6 2. c4 g6 3. Nc3 d5 4. cxd5 Nxd5 5. e4 Nxc3 6. bxc3 Bg7 7. Bc4 O-O 8.
Ne2 c5 9. Be3 Nc6 10. O-O Qc7 11. Rc1 Rd8 12. Qd2 a6 13. a4 Na5 14. Ba2 b5 15.
axb5 axb5 16. f4 Nc4 17. Bxc4 bxc4 18. f5 Bb7 19. fxg6 hxg6 20. d5 Ra3 21. Rf3
Rda8 22. Qe1 Ra2 23. Nf4 Rb2 24. Qh4 Bf6 25. Qh6 Bg7 26. Qg5 Raa2 27. Rh3 Qe5
28. Qh4 Qxe4 29. Qh7+ Kf8 30. Rg3 Rxg2+ 31. Nxg2 Rxg2+ 32. Kf1 Bxd5 33. Qh3
Qd3+ 0-1

[Event "Ct. Tarragona indiv. Absolut"]
[Site "L'Hospitalet de l'Infant"]
[Date "2013.12.01"]
[Round "9"]
[White "Esplugas Esteve, V."]
[Black "Ordobas Martinez, V."]
[Result "1/2-1/2"]
[WhiteElo "2231"]
[BlackElo "2074"]
[PlyCount "75"]
[EventDate "2013.??.??"]
[EventType "swiss"]
[EventRounds "9"]

1. d4 Nf6 2. c4 e5 3. dxe5 Ng4 4. Bf4 Nc6 5. Nf3 Bb4+ 6. Nc3 Bxc3+ 7. bxc3 Qe7
8. Qd5 f6 9. exf6 Nxf6 10. Qb5 a6 11. Qb3 d6 12. c5 d5 13. e3 O-O 14. Be2 Rb8
15. O-O Bg4 16. h3 Bh5 17. Rfd1 Kh8 18. Bg5 Bf7 19. Qa4 Qxc5 20. Bxf6 gxf6 21.
Qh4 Bg6 22. c4 Rbd8 23. Rac1 dxc4 24. Rxd8 Nxd8 25. Rxc4 Qe7 26. Rg4 Bf5 27.
Rf4 Bg6 28. Nd4 Ne6 29. Nxe6 Qxe6 30. Bc4 Qe5 31. Rd4 Qe7 32. Qh6 Rd8 33. Rg4
Qg7 34. Qf4 b5 35. Bb3 c5 36. h4 Qe7 37. Qh6 Bb1 38. Be6 1/2-1/2

[Event "Ct. Tarragona indiv. Absolut"]
[Site "L'Hospitalet de l'Infant"]
[Date "2013.12.01"]
[Round "9"]
[White "Fernandez Alonso, MA."]
[Black "Sanchez Bernardino, MA."]
[Result "0-1"]
[WhiteElo "2087"]
[BlackElo "2029"]
[PlyCount "58"]
[EventDate "2013.??.??"]
[EventType "swiss"]
[EventRounds "9"]

1. d4 Nf6 2. c4 e5 3. dxe5 Ng4 4. e4 Nxe5 5. f4 Nec6 6. Be3 Bb4+ 7. Nd2 Qh4+ 8.
g3 Qe7 9. Bg2 Na6 10. Ne2 Nc5 11. Qc2 f5 12. Nc3 Bxc3 13. Qxc3 Nxe4 14. Nxe4
fxe4 15. O-O-O d6 16. Rhe1 Bf5 17. Rd5 Qf7 18. Bd4 Nxd4 19. Rxd4 O-O 20. Bxe4
Bxe4 21. Rdxe4 Rfe8 22. Qe3 Kf8 23. Kd2 h6 24. b3 b6 25. Kd3 Rad8 26. Qd4 Rxe4
27. Rxe4 d5 28. Kd2 c5 29. Qd3 Rd7 0-1

[Event "Ct. Tarragona indiv. Absolut"]
[Site "L'Hospitalet de l'Infant"]
[Date "2013.12.01"]
[Round "9"]
[White "Fernandez Soriano, R."]
[Black "Fernandez Fuentes, FX."]
[Result "1-0"]
[WhiteElo "2122"]
[BlackElo "2119"]
[PlyCount "63"]
[EventDate "2013.??.??"]
[EventType "swiss"]
[EventRounds "9"]

1. d4 c5 2. d5 e5 3. dxe6 fxe6 4. e4 Nc6 5. Nc3 Nf6 6. f4 d5 7. e5 d4 8. Nb1
Nd5 9. c4 Nde7 10. Nf3 Nf5 11. a3 Be7 12. Bd3 O-O 13. O-O Bd7 14. Qe2 Be8 15.
g4 Nh4 16. Nxh4 Bxh4 17. g5 h6 18. gxh6 g6 19. Qg4 Rf5 20. Nd2 Nxe5 21. Qh3
Nxd3 22. Qxd3 e5 23. Ne4 Bc6 24. Bd2 Qe7 25. fxe5 Qxe5 26. Ng3 Bxg3 27. Qxg3
Rxf1+ 28. Rxf1 Qe4 29. Rf4 Qh1+ 30. Kf2 Re8 31. Rf6 Be4 32. Qc7 1-0

[Event "Ct. Tarragona indiv. Absolut"]
[Site "L'Hospitalet de l'Infant"]
[Date "2013.12.01"]
[Round "9"]
[White "Pujol Codinach, E."]
[Black "Bru Rullo, L."]
[Result "0-1"]
[WhiteElo "2068"]
[BlackElo "2151"]
[PlyCount "57"]
[EventDate "2013.??.??"]
[EventType "swiss"]
[EventRounds "9"]

1. c4 Nf6 2. Nc3 e5 3. g3 d5 4. cxd5 Nxd5 5. Bg2 Nb6 6. Nf3 Nc6 7. a3 Be7 8. b4
Be6 9. Rb1 f6 10. O-O O-O 11. d3 Re8 12. Ne4 Rb8 13. Nc5 Bd5 14. Be3 Nd7 15.
Qc2 Nf8 16. Rfd1 b6 17. Nb3 Ne6 18. b5 Ncd4 19. Nbxd4 exd4 20. Bc1 Bc5 21. e4
dxe3 22. fxe3 Bxf3 23. Bxf3 Ng5 24. Bg2 Bxe3+ 25. Bxe3 Rxe3 26. Kh1 Qe7 27.
Rbc1 Re8 28. Qxc7 Qxc7 29. Bd5+ 0-1

[Event "Ct. Tarragona indiv. Absolut"]
[Site "L'Hospitalet de l'Infant"]
[Date "2013.12.01"]
[Round "9"]
[White "Reig Pinol, A."]
[Black "Guasch Murtra, JM."]
[Result "1/2-1/2"]
[WhiteElo "2031"]
[BlackElo "1966"]
[PlyCount "87"]
[EventDate "2013.??.??"]
[EventType "swiss"]
[EventRounds "9"]

1. e4 e5 2. f4 Qh4+ 3. g3 Qe7 4. fxe5 d6 5. Nc3 dxe5 6. Nf3 Nf6 7. d3 h6 8. Be3
Nc6 9. Qd2 Bg4 10. Bg2 O-O-O 11. O-O-O Qb4 12. Rdf1 Bc5 13. Bxc5 Qxc5 14. Qf2
Qa5 15. Kb1 Bxf3 16. Bxf3 Nd4 17. Nd5 Rd6 18. Bg2 Ra6 19. a3 Rd8 20. Qe1 Qa4
21. Qd1 Qd7 22. h4 Kb8 23. Bh3 Qb5 24. Nc3 Qb6 25. Ka2 Nb5 26. Nxb5 Qxb5 27.
Qe1 Rd4 28. Qc3 Rc6 29. Qb3 Qxb3+ 30. Kxb3 a5 31. Rh2 b5 32. Rf5 Nd7 33. Rxf7
Nc5+ 34. Ka2 b4 35. axb4 axb4 36. b3 Ra6+ 37. Kb2 Ra3 38. Rh1 Nxd3+ 39. cxd3
Rxd3 40. Be6 Rd2+ 41. Kc1 Raa2 42. Rf8+ Ka7 43. Rhf1 Rac2+ 44. Kb1 1/2-1/2

[Event "Ct. Tarragona indiv. Absolut"]
[Site "L'Hospitalet de l'Infant"]
[Date "2013.12.01"]
[Round "9"]
[White "Vicient Calvo, R."]
[Black "Plasencia Martinez, V."]
[Result "1-0"]
[WhiteElo "1932"]
[BlackElo "2191"]
[PlyCount "91"]
[EventDate "2013.??.??"]
[EventType "swiss"]
[EventRounds "9"]

1. d4 d6 2. c4 Nf6 3. Nc3 Nbd7 4. Nf3 e5 5. dxe5 dxe5 6. Bg5 Be7 7. e3 O-O 8.
Bd3 Re8 9. Qc2 h6 10. Bxf6 Bxf6 11. O-O-O c6 12. g4 Qe7 13. Ne4 Nc5 14. Nxc5
Qxc5 15. Rdg1 Qe7 16. Be4 g6 17. g5 hxg5 18. h4 g4 19. h5 g5 20. Nh2 Kh8 21.
Nxg4 Bxg4 22. Rxg4 Rad8 23. Qe2 Rd7 24. Qf3 Rg8 25. Qf5 Kg7 26. h6+ Kf8 27. h7
Rh8 28. Rh6 Qd6 29. Rg1 Qd2+ 30. Kb1 Bg7 31. Qxg5 f5 32. Re6 fxe4 33. Qh5 Qd3+
34. Ka1 Rf7 35. Rd1 Qxd1+ 36. Qxd1 Bf6 37. Qd6+ Kg7 38. a3 Rxh7 39. Re8 a6 40.
Qe6 Rh4 41. Qc8 Kg6 42. Rg8+ Bg7 43. Qe6+ Rf6 44. Qe7 Rh7 45. Qxe5 Rxf2 46.
Qg3+ 1-0

[Event "Montcada op"]
[Site "Montcada i Reixac"]
[Date "2013.06.27"]
[Round "3"]
[White "Gagare, S."]
[Black "Burmakin, V."]
[Result "1/2-1/2"]
[WhiteElo "2407"]
[BlackElo "2575"]
[PlyCount "196"]
[EventDate "2013.??.??"]
[EventType "swiss"]
[EventRounds "9"]

1. c4 c6 2. g3 d5 3. Bg2 Nf6 4. Nf3 Bf5 5. cxd5 cxd5 6. Qb3 Qb6 7. Nc3 Qxb3 8.
axb3 Nc6 9. d3 e5 10. Bg5 Be6 11. O-O a6 12. d4 e4 13. Ne1 Nxd4 14. Rd1 Nxb3
15. Bxf6 gxf6 16. Nxd5 O-O-O 17. Bxe4 f5 18. Bg2 Bh6 19. e3 Bg7 20. Nc2 Kb8 21.
Rfe1 Rd6 22. Nf4 Rhd8 23. Rxd6 Rxd6 24. e4 fxe4 25. Nxe6 fxe6 26. Bxe4 Nd2 27.
b4 Nxe4 28. Rxe4 Rd2 29. Ne3 Bc3 30. Kg2 e5 31. Rc4 Bd4 32. Kf3 b5 33. Rc6 a5
34. bxa5 Kb7 35. Rh6 b4 36. Ke4 b3 37. Rxh7+ Kc6 38. Nc4 Re2+ 39. Kd3 b2 40.
Nxb2 Rxb2 41. f4 Kd5 42. fxe5 Rb3+ 43. Kc2 Ra3 44. e6 Kxe6 45. a6 Rxa6 46. Kd3
Be5 47. Rh6+ Bf6 48. Ke4 Ra4+ 49. Kf3 Kf5 50. Rh5+ Kg6 51. Rc5 Ra2 52. h4 Bd4
53. Rd5 Ra4 54. g4 Kf6 55. h5 Be5 56. h6 Rf4+ 57. Ke3 Rxg4 58. h7 Rh4 59. Rd7
Kg6 60. Re7 Bg7 61. Re6+ Bf6 62. h8=Q Rxh8 63. Kf4 Rh4+ 64. Kg3 Rc4 65. Re8 Kf5
66. Kf3 Rh4 67. Rf8 Rh3+ 68. Kg2 Rb3 69. Kf2 Ke5 70. Re8+ Kf4 71. Rf8 Rb2+ 72.
Kf1 Kf5 73. Re8 Be5 74. Ke1 Ke4 75. Re7 Kd4 76. Kf1 Rb5 77. Ke2 Ke4 78. Re8
Rb2+ 79. Ke1 Kf4 80. Kd1 Rh2 81. Re7 Ke4 82. Ke1 Kd4 83. Kf1 Bf4 84. Re2 Rh8
85. Kf2 Rf8 86. Re6 Kd3 87. Kg2 Rf5 88. Ra6 Be3 89. Kg3 Bd4 90. Kg4 Ke4 91. Ra4
Rf8 92. Rb4 Rg8+ 93. Kh4 Ke5 94. Kh3 Rg1 95. Ra4 Be3 96. Rg4 Rf1 97. Kg2 Ra1
98. Kf3 Ra3 1/2-1/2

[Event "Torredembarra op"]
[Site "Torredembarra"]
[Date "2013.07.06"]
[Round "1"]
[White "Panelo Muñoz, MA."]
[Black "Pino Muñoz, F."]
[Result "1-0"]
[WhiteElo "2428"]
[BlackElo "1784"]
[PlyCount "63"]
[EventDate "2013.??.??"]
[EventType "swiss"]
[EventRounds "9"]
[Source "ChessBase"]
[SourceDate "2013.08.26"]

1. d4 d5 2. c4 Nf6 3. cxd5 Qxd5 4. Nc3 Qd8 5. e4 e6 6. Nf3 c6 7. Bd3 Be7 8. O-O
Nbd7 9. Qc2 h6 10. Qe2 O-O 11. Rd1 Qc7 12. e5 Nd5 13. Qe4 f5 14. exf6 N7xf6 15.
Qg6 Nf4 16. Bxf4 Qxf4 17. Ne4 Nh7 18. Ne5 Qf5 19. Nf6+ Rxf6 20. Bxf5 Rxg6 21.
Bxg6 Nf8 22. Bc2 Bf6 23. Bb3 a5 24. a4 Ra6 25. Bc4 Rb6 26. b3 Rb4 27. Rac1 Kh7
28. f4 g5 29. Rf1 Kg7 30. Rc3 Bxe5 31. fxe5 Bd7 32. Rcf3 1-0

[Event "Torredembarra op"]
[Site "Torredembarra"]
[Date "2013.07.06"]
[Round "1"]
[White "Quinza Garcia, A."]
[Black "Pogorelov, R."]
[Result "0-1"]
[WhiteElo "1778"]
[BlackElo "2392"]
[PlyCount "88"]
[EventDate "2013.??.??"]
[EventType "swiss"]
[EventRounds "9"]
[Source "ChessBase"]
[SourceDate "2013.08.26"]

1. d4 Nf6 2. Nf3 e6 3. e3 b6 4. Bd3 Bb7 5. O-O c5 6. c3 Nc6 7. Nbd2 Qc7 8. a3
d5 9. Re1 Bd6 10. b4 O-O 11. Nf1 e5 12. b5 e4 13. bxc6 Bxc6 14. Bxe4 Nxe4 15.
Qc2 c4 16. N3d2 f5 17. f3 Nxd2 18. Bxd2 b5 19. Re2 Qe7 20. Qb2 h5 21. Be1 h4
22. Nd2 g5 23. Nf1 Rae8 24. Ra2 Qh7 25. Qc1 Re6 26. g3 Qh5 27. f4 Kh8 28. Rg2
h3 29. g4 fxg4 30. Ng3 Qe8 31. Rge2 gxf4 32. exf4 Bxf4 33. Rxe6 Qxe6 34. Qd1
Be3+ 35. Bf2 Be8 36. Re2 Rxf2 37. Rxf2 Bg6 38. Nf1 Bxf2+ 39. Kxf2 Kg7 40. Ne3
Bf5 41. Qe2 Kg6 42. Kg3 Kg5 43. Qd2 Qd6+ 44. Kf2 Qxh2+ 0-1

[Event "Torredembarra op"]
[Site "Torredembarra"]
[Date "2013.07.06"]
[Round "1"]
[White "Villar Ariño, V."]
[Black "Muñoz Pantoja, M."]
[Result "0-1"]
[WhiteElo "1790"]
[BlackElo "2457"]
[PlyCount "64"]
[EventDate "2013.??.??"]
[EventType "swiss"]
[EventRounds "9"]
[Source "ChessBase"]
[SourceDate "2013.08.26"]

1. c4 c5 2. g3 Nc6 3. Bg2 g6 4. Nf3 Bg7 5. Nc3 e5 6. d3 h6 7. e4 Nge7 8. Be3 d6
9. O-O Bg4 10. Qb3 Qd7 11. Nd5 f5 12. Nd2 O-O 13. f4 exf4 14. Nxf4 g5 15. Nd5
Nxd5 16. cxd5 Nd4 17. Bxd4 Bxd4+ 18. Kh1 f4 19. gxf4 Be3 20. Nf3 Bxf4 21. Qc2
Qe8 22. Ng1 Qg6 23. Bh3 Bh5 24. Bf5 Rxf5 25. exf5 Qxf5 26. Qg2 Bf7 27. Rae1
Bxd5 28. Nf3 Rf8 29. Kg1 Qxd3 30. Qe2 Qf5 31. Nd2 Qh3 32. Nb3 Be3+ 0-1

[Event "Torredembarra op"]
[Site "Torredembarra"]
[Date "2013.07.07"]
[Round "2"]
[White "Aranzana Areste, A."]
[Black "Panelo Muñoz, MA."]
[Result "0-1"]
[WhiteElo "2000"]
[BlackElo "2428"]
[PlyCount "54"]
[EventDate "2013.??.??"]
[EventType "swiss"]
[EventRounds "9"]
[Source "ChessBase"]
[SourceDate "2013.08.26"]

1. e4 c5 2. Nf3 d6 3. d4 cxd4 4. Nxd4 Nf6 5. Nc3 a6 6. a4 e5 7. Nb3 Be7 8. Bg5
Be6 9. Be2 Nbd7 10. O-O Rc8 11. Nd2 O-O 12. Kh1 Re8 13. f4 exf4 14. Bxf4 Ne5
15. Qe1 Nfd7 16. Nf3 Nxf3 17. Bxf3 Qb6 18. Nd5 Bxd5 19. exd5 Bg5 20. Qg3 Bxf4
21. Qxf4 Ne5 22. Be4 g6 23. Ra3 Rc4 24. Rb3 Qd4 25. Rxb7 Qxe4 26. Qf6 Rxc2 27.
Rg1 Qxd5 0-1

[Event "Torredembarra op"]
[Site "Torredembarra"]
[Date "2013.07.07"]
[Round "2"]
[White "Pogorelov, R."]
[Black "Margalef Guell, J."]
[Result "1-0"]
[WhiteElo "2392"]
[BlackElo "1946"]
[PlyCount "93"]
[EventDate "2013.??.??"]
[EventType "swiss"]
[EventRounds "9"]
[Source "ChessBase"]
[SourceDate "2013.08.26"]

1. Nf3 Nf6 2. c4 c5 3. Nc3 Nc6 4. d4 cxd4 5. Nxd4 g6 6. e4 Bg7 7. Be3 d6 8. Be2
Bd7 9. O-O O-O 10. Qd2 Re8 11. f3 Nxd4 12. Bxd4 Bc6 13. b4 b6 14. Rac1 Rc8 15.
Rfd1 Nh5 16. Be3 Bf8 17. Bf1 Ng7 18. Qf2 Qc7 19. Nd5 Bxd5 20. cxd5 Qb7 21. Bb5
Rxc1 22. Rxc1 Rc8 23. Bc6 Qa6 24. a4 e6 25. Qc2 Rc7 26. b5 Qc8 27. a5 bxa5 28.
Qa4 exd5 29. exd5 Nf5 30. Bf2 Bh6 31. Re1 Re7 32. Qxa5 Rxe1+ 33. Qxe1 Qc7 34.
Qe8+ Bf8 35. Qa8 Qa5 36. Qxa7 Qc3 37. g4 Qxf3 38. gxf5 Qd1+ 39. Kg2 Qg4+ 40.
Kf1 Qd1+ 41. Be1 Qd3+ 42. Kg1 Bh6 43. Qb8+ Bf8 44. Qe8 Qd4+ 45. Kg2 Qg4+ 46.
Bg3 Qxf5 47. Qe2 1-0

[Event "Torredembarra op"]
[Site "Torredembarra"]
[Date "2013.07.07"]
[Round "2"]
[White "Santolaria Peña, M."]
[Black "Gonzalez Rodriguez, JA."]
[Result "0-1"]
[WhiteElo "1922"]
[BlackElo "2356"]
[PlyCount "90"]
[EventDate "2013.??.??"]
[EventType "swiss"]
[EventRounds "9"]
[Source "ChessBase"]
[SourceDate "2013.08.26"]

1. d4 Nf6 2. Bf4 c5 3. e3 e6 4. Bd3 b6 5. Nd2 Bb7 6. Ngf3 d6 7. O-O Be7 8. Re1
Nh5 9. Bg3 O-O 10. dxc5 bxc5 11. e4 Nxg3 12. hxg3 Nd7 13. Qe2 Rb8 14. b3 Bf6
15. Rad1 Bc3 16. Kh2 g6 17. Rh1 Bg7 18. Kg1 Qc7 19. c4 Rfd8 20. Ng5 Nf8 21. f4
Re8 22. Qg4 Bd4+ 23. Kf1 f5 24. exf5 exf5 25. Bxf5 gxf5 26. Qxf5 Qe7 27. Qg4
Qg7 28. Rh5 Re3 29. Ndf3 Bxf3 30. gxf3 Rbe8 31. Qf5 Qg6 32. Qd5+ Kg7 33. g4 h6
34. f5 Qf6 35. f4 Rg3 36. Rxd4 cxd4 37. Ne4 Rxe4 38. Qxe4 Rxg4 39. Rh3 Kg8 40.
Rd3 Qh4 41. Qd5+ Kh7 42. Qf7+ Rg7 43. Qxf8 Qxf4+ 44. Ke2 Rg2+ 45. Ke1 Qf2+ 0-1

[Event "Torredembarra op"]
[Site "Torredembarra"]
[Date "2013.07.08"]
[Round "3"]
[White "Gonzalez Rodriguez, JA."]
[Black "Fernandez Muixi, F."]
[Result "1-0"]
[WhiteElo "2356"]
[BlackElo "2127"]
[PlyCount "67"]
[EventDate "2013.??.??"]
[EventType "swiss"]
[EventRounds "9"]
[Source "ChessBase"]
[SourceDate "2013.08.26"]

1. b3 d6 2. d4 Nf6 3. Bb2 g6 4. Nf3 Bg7 5. g3 O-O 6. Bg2 Nbd7 7. O-O e5 8. dxe5
Ng4 9. c4 Ngxe5 10. Nc3 Nxf3+ 11. Bxf3 Ne5 12. Bg2 Rb8 13. Qd2 Bf5 14. h3 h5
15. f4 Nc6 16. e4 Bd7 17. f5 gxf5 18. exf5 Qf6 19. Rf2 Qh6 20. Qxh6 Bxh6 21.
Nd5 f6 22. Nxf6+ Rxf6 23. Bxf6 Be3 24. g4 hxg4 25. hxg4 Kf7 26. Bc3 Ne7 27. Re1
Bxf2+ 28. Kxf2 Bc6 29. Rh1 Rg8 30. Rh7+ Kf8 31. Bxc6 Nxc6 32. Kf3 d5 33. cxd5
Ne7 34. Bb4 1-0

[Event "Torredembarra op"]
[Site "Torredembarra"]
[Date "2013.07.08"]
[Round "3"]
[White "Moreno Carretero, C."]
[Black "Pogorelov, R."]
[Result "0-1"]
[WhiteElo "2145"]
[BlackElo "2392"]
[PlyCount "74"]
[EventDate "2013.??.??"]
[EventType "swiss"]
[EventRounds "9"]
[Source "ChessBase"]
[SourceDate "2013.08.26"]

1. e4 c5 2. Nf3 e6 3. d4 cxd4 4. Nxd4 a6 5. c4 Nf6 6. Nc3 Bb4 7. f3 Bxc3+ 8.
bxc3 Qa5 9. Qb3 Nc6 10. Nxc6 dxc6 11. Qb4 Qc7 12. Ba3 a5 13. Qd6 Qxd6 14. Bxd6
Nd7 15. a4 c5 16. e5 b6 17. Bd3 Bb7 18. O-O O-O-O 19. Be4 f6 20. Bxb7+ Kxb7 21.
f4 Rhe8 22. h4 Kc6 23. Rab1 h6 24. h5 Rg8 25. Rf3 fxe5 26. fxe5 g6 27. hxg6
Rxg6 28. Rbf1 Rdg8 29. R1f2 Rg5 30. Rd2 Nxe5 31. Bxe5 Rxe5 32. Rf7 Reg5 33. Kh1
R8g7 34. Rf8 Rg4 35. Rfd8 Re7 36. R8d6+ Kc7 37. R6d3 Rxc4 0-1

[Event "Torredembarra op"]
[Site "Torredembarra"]
[Date "2013.07.08"]
[Round "3"]
[White "Muñoz Pantoja, M."]
[Black "Villuendas Valero, A."]
[Result "1-0"]
[WhiteElo "2457"]
[BlackElo "2296"]
[PlyCount "51"]
[EventDate "2013.??.??"]
[EventType "swiss"]
[EventRounds "9"]
[Source "ChessBase"]
[SourceDate "2013.08.26"]

1. g3 d5 2. Bg2 Nf6 3. d3 c6 4. Nf3 Bf5 5. Nbd2 h6 6. b3 e6 7. Bb2 Be7 8. O-O
O-O 9. Ne5 Nbd7 10. e4 Bh7 11. Nxd7 Nxd7 12. f4 dxe4 13. Nxe4 Nf6 14. Qe2 Nd5
15. Kh1 Qb6 16. Rae1 Rfd8 17. a3 Rd7 18. Bh3 Bf5 19. g4 Bxe4+ 20. dxe4 Nxf4 21.
Rxf4 Bg5 22. Rff1 Rd2 23. Qf3 f6 24. e5 Rad8 25. exf6 gxf6 26. Qe4 1-0

[Event "Torredembarra op"]
[Site "Torredembarra"]
[Date "2013.07.08"]
[Round "3"]
[White "Panelo Muñoz, MA."]
[Black "Graells, R."]
[Result "1-0"]
[WhiteElo "2428"]
[BlackElo "2153"]
[PlyCount "71"]
[EventDate "2013.??.??"]
[EventType "swiss"]
[EventRounds "9"]
[Source "ChessBase"]
[SourceDate "2013.08.26"]

1. d4 Nf6 2. c4 g6 3. Nc3 d5 4. Nf3 Bg7 5. Qb3 c6 6. Bg5 Ne4 7. cxd5 Nxg5 8.
Nxg5 e6 9. dxc6 Nxc6 10. Nf3 Nxd4 11. Nxd4 Qxd4 12. e3 Qc5 13. Bb5+ Kf8 14. Rc1
Kg8 15. h4 h5 16. O-O Qe7 17. Qa4 Kh7 18. Rfd1 Rd8 19. Rxd8 Qxd8 20. Qf4 Kg8
21. Rd1 Qe7 22. Bc4 e5 23. Bxf7+ Qxf7 24. Rd8+ Bf8 25. Qxe5 Qf5 26. Qe8 Qf7 27.
Qe5 Qf5 28. Qc7 Qf7 29. Rxc8 Rxc8 30. Qxc8 Kg7 31. g3 Bd6 32. Ne4 Be5 33. Ng5
Qe7 34. b3 Bf6 35. Ne6+ Kf7 36. Nf4 1-0

[Event "Torredembarra op"]
[Site "Torredembarra"]
[Date "2013.07.09"]
[Round "4"]
[White "Barbero Sendic, A."]
[Black "Muñoz Pantoja, M."]
[Result "0-1"]
[WhiteElo "2345"]
[BlackElo "2457"]
[PlyCount "56"]
[EventDate "2013.??.??"]
[EventType "swiss"]
[EventRounds "9"]
[Source "ChessBase"]
[SourceDate "2013.08.26"]

1. g3 c5 2. Bg2 Nc6 3. Nf3 g6 4. O-O Bg7 5. d3 d6 6. e4 e5 7. Nc3 Nge7 8. Be3
h6 9. Qd2 f5 10. Ne1 Be6 11. f4 exf4 12. gxf4 O-O 13. Nf3 b6 14. e5 Rc8 15. h4
Nd5 16. Nxd5 Bxd5 17. h5 dxe5 18. hxg6 e4 19. dxe4 Bxe4 20. Qxd8 Rcxd8 21. c3
Ne7 22. Ne5 Rd6 23. Bxe4 fxe4 24. Kh2 Nf5 25. Bg1 Nh4 26. Kh3 Nxg6 27. Nxg6
Rxg6 28. Rae1 Rf5 0-1

[Event "Torredembarra op"]
[Site "Torredembarra"]
[Date "2013.07.09"]
[Round "4"]
[White "Regue Farran, E."]
[Black "Gonzalez Rodriguez, JA."]
[Result "0-1"]
[WhiteElo "2056"]
[BlackElo "2356"]
[PlyCount "58"]
[EventDate "2013.??.??"]
[EventType "swiss"]
[EventRounds "9"]
[Source "ChessBase"]
[SourceDate "2013.08.26"]

1. e4 c5 2. Nf3 a6 3. c4 d6 4. d4 Bg4 5. Be2 Nc6 6. d5 Bxf3 7. Bxf3 Nd4 8. Nc3
g6 9. O-O Bg7 10. Be3 Nxf3+ 11. Qxf3 Nf6 12. Qe2 O-O 13. f4 Nd7 14. Qd2 Qa5 15.
Rfc1 b5 16. cxb5 axb5 17. Qc2 b4 18. Ne2 Qb5 19. a4 bxa3 20. Rxa3 Qxb2 21. Rxa8
Rxa8 22. Qxb2 Bxb2 23. Rb1 Ra2 24. Nc1 Bxc1 25. Rxc1 Nf6 26. e5 Ng4 27. exd6
exd6 28. Re1 Nxe3 29. Rxe3 Rd2 0-1